000 00961nam a2200253 a 4500
001 000016289
005 20240307073946.0
008 100303s1984 dr a 001 0 spa d
040 _aDO-SdBNP
_bspa
_cBNPHU
082 _a070.594
_bP797p
100 1 _aPuig de González, Sulamita
_91989
245 1 3 _aLa política editorial de la UASD :
_bfundamento y práctica /
_cSulamita Puig de González.
260 _aSanto Domingo :
_bUASD,
_c1984.
300 _a138 p. :
_bil. ;
_c21 cm.
490 0 _aPublicaciones de la universidad autónoma de Santo Domingo
_vv. 335
490 0 _aUasd crítica
_vno. 28
500 _aIncluye nota al pie de página
504 _aIncluye bibliografías [p. 137-138}
650 4 _aPublicaciones universitarias
_936371
710 1 _aUniversidad Autónoma de Santo Domingo
_972951
830 _aPubliacaciones de la Universidad Autónoma de Santo Domingo
_vv. 335
_956533
830 0 _aUasd crítica
_vno. 28
_936373
049 _aBNPD
999 _c15824
_d15824